000 00811cam a22002054a 4500
005 20250605163959.0
008 250528s ||||||||||||||||||||||||d
035 _a15581
020 _a138552894
040 _aGR-AtMCL
_bgre
_dGR-AtMCL
_eAACR2
245 1 _aStructured Walkthroughs / Fourth Edition
250 _a4th
260 _bYourdon Press,
_c1989
300 _a196
520 _aThis book offers guidelines for readers to implement team or peer group review techniques designed to test, debug, document, and improve the quality, correctness, and efficiency of a computer program or system. Preface, Introduction, The mechanics of Walkthroughs, The Psychology of Walkthroughs, Conclusion, Appendices, Index.
700 1 _aYourdon Edward
_91508
942 _cBK
999 _c1151
_d1151